000 00741nam a2200217Ia 4500
003 GCL
008 140319s9999 xx 000 0 ara d
040 _aGCL /
_cGCL
082 0 4 _a812.024
_bب ت
100 1 _aتماضر توفيق (مترجم)
245 1 0 _aتأليف التمثيلية التليفزيونية /
_cتماضر توفيق (مترجم)
700 1 _aبارتليت، سيربازيل
700 1 _aعزت النصيرى
300 _a179 ص
490 _aالجمهورية العربية المتحدة وزارة الثقافة
_v0
650 0 4 _aالادب العربى
650 0 4 _aالتليفزيون
650 0 4 _aالدراما
650 0 4 _aالتمثيلية التليفزيونية
942 _2ddc
_cBK
999 _c48160
_d48160